000
00254nam a22001217a 4500
003
SGT
082
_a
823
_b
RUS
100
_a
RUSSELL MICHAEL
245
_a
THE CITY OF STRANGERS
260
_a
LONDON
_b
AVON PUB
_c
2013
300
_a
486
942
_2
ddc
_c
BK
999
_c
33690
_d
33690